000 00929nam a2200217 a 4500
005 20221206063558.0
008 040127s2000 mx r 000 0 spa d
020 _a8427713509
035 _aUPN01000131581
049 _aCE
050 4 _aLB1633 E5
_bA6.6
245 0 0 _aApoyos y refuerzos para el área de lengua :
_bcomprensión y comunicación a través del lenguaje /
_cJesús Arranz ... [et al.].
260 _aMadrid :
_bMinisterio de Educación, Cultura y Deporte :
_bNarcea,
_c2000.
300 _a3 fascs. en estuche :
_bil., cuadros
440 0 _aMateriales 12-16 para educación secundaria.
_pLengua y literatura
505 8 _aContenido:
_g1.
_tJustificación teórica --
_g2.
_tActividades --
_g3.
_tActividades
650 7 _aEspañol
_xEstudio y enseñanza (Secundaria)
_zEspaña
_2
_911863
650 4 _aCOMUNICACION ORAL -
_xESTUDIO Y ENSEÑANZA (SECUNDARIA)
_917543
700 1 _aArranz, Jesús,
_ecoaut.
905 _aLibro
999 _c103736
_d103736